书目信息 |
| 题名: |
女性私人医生
|
|
| 作者: | 安丽 , 王海玲 主编 | |
| 分册: | ||
| 出版信息: | 北京 电子工业出版社 2015 |
|
| 页数: | 208页 | |
| 开本: | 24cm | |
| 丛书名: | ||
| 单 册: | ||
| 中图分类: | R173 | |
| 科图分类: | ||
| 主题词: | 女性--nv xing--保健--基本知识 | |
| 电子资源: | ||
| ISBN: | 978-7-121-24693-7 | |
| 000 | 01052nam0 22002531 450 | |
| 001 | 0122100700 | |
| 005 | 20170322100700.0 | |
| 010 | @a978-7-121-24693-7@dCNY49.80 | |
| 100 | @a20150123d2015 em y0chiy50 ea | |
| 101 | 0 | @achi |
| 102 | @aCN@b110000 | |
| 105 | @aa z 000yy | |
| 106 | @ar | |
| 200 | 1 | @a女性私人医生@9nv xing si ren yi sheng@e详解威胁女性健康的十大杀手@f安丽, 王海玲主编 |
| 210 | @a北京@c电子工业出版社@d2015 | |
| 215 | @a208页@c彩图@d24cm | |
| 330 | @a本书为女性朋友详细讲述了威胁健康的十大杀手,有乳腺疾病、宫颈癌、子宫疾病、卵巢癌、不孕症、甲状腺疾病、肠道疾病、贫血症、心脏疾病、肾脏疾病。对每一种危害女性健康的疾病,不仅讲述了其征兆、信号及防治方法,还从饮食、运动等方面讲述远离这种疾病应该有的健康生活方式。 | |
| 517 | 1 | @a详解威胁女性健康的十大杀手@9xiang jie wei xie nv xing jian kang de shi da sha shou |
| 606 | 0 | @a女性@9nv xing@x保健@x基本知识 |
| 690 | @aR173@v5 | |
| 701 | 0 | @a安丽@9an li@4主编 |
| 701 | 0 | @a王海玲@9wang hai ling@4主编 |
| 801 | 0 | @aCN@bTANGWEI@c20170308 |
| 905 | @b0958834-7@dR173@e232@f4 | |
| 女性私人医生:详解威胁女性健康的十大杀手/安丽, 王海玲主编 .-北京:电子工业出版社,2015 |
| 208页:彩图;24cm |
| ISBN 978-7-121-24693-7:CNY49.80 |
| 本书为女性朋友详细讲述了威胁健康的十大杀手,有乳腺疾病、宫颈癌、子宫疾病、卵巢癌、不孕症、甲状腺疾病、肠道疾病、贫血症、心脏疾病、肾脏疾病。对每一种危害女性健康的疾病,不仅讲述了其征兆、信号及防治方法,还从饮食、运动等方面讲述远离这种疾病应该有的健康生活方式。 |
| ● |
| 相关链接 |
|
|
|
|
正题名:女性私人医生
索取号:R173/232
 
预约/预借
| 序号 | 登录号 | 条形码 | 馆藏地/架位号 | 状态 | 备注 |
| 1 | 0958834 | 209588347 | 第二样本阅览室/ [索取号:R173/232] | 在馆 | |
| 2 | 0958835 | 209588356 | 第三借阅区/ [索取号:R173/232] | 在馆 | |
| 3 | 0958836 | 209588365 | 第三借阅区/ [索取号:R173/232] | 在馆 | |
| 4 | 0958837 | 209588374 | 第三借阅区/ [索取号:R173/232] | 在馆 |